| 000 | 00401cam a2200181 4500 | ||
|---|---|---|---|
| 001 | D12642 | ||
| 008 | 090401t1931 xxu||||| |||| 00| 0 eng d | ||
| 035 | _a(Sirsi) u4911 | ||
| 041 | _aeng | ||
| 100 | _aDobson, Alan | ||
| 245 | 4 | _aThe land Drainage Act 1930 | |
| 260 |
_aLondon _bOUP _c1931 |
||
| 350 | _a0 | ||
| 520 | _aShelf 179 | ||
| 700 | _aHull, Hubert | ||
| 942 | _n0 | ||
| 948 | _c04/03/1997 | ||
| 999 |
_c86086 _d86086 |
||